| 000 | 00523nam a2200229Ia 4500 | ||
|---|---|---|---|
| 008 | 210210b2008 xxu||||| |||| 00| 0 eng d | ||
| 020 | _a9781429205771 | ||
| 041 | _aeng | ||
| 082 | _a155.7 PLOB | ||
| 100 | _aPLOMIN (Robert) | ||
| 245 | _aBehavioral genetics Ed 5 | ||
| 250 | _a | ||
| 260 |
_aNew York _bWorth Publishers _c2008 |
||
| 300 | _axviii,532 | ||
| 650 | _agenetics | ||
| 650 | _aEd | ||
| 650 | _aBehavioral | ||
| 650 | _a5 | ||
| 690 | _aPsychology | ||
| 700 | _aDeFRIES (John C) | ||
| 906 | _a066022 | ||
| 999 |
_c146768 _d146768 |
||